[Event "TCh-ISR 2018"]
[Site "Israel ISR"]
[Date "2018.02.23"]
[Round "9.3"]
[Board "3"]
[White "Gindi, Shachar"]
[Black "Mindlin, Alon"]
[Result "1-0"]
[WhiteTitle "FM"]
[BlackTitle "IM"]
[WhiteElo "2397"]
[BlackElo "2459"]
[WhiteTeam "Herzliya Chess Club"]
[BlackTeam "HaPoel Kfar Saba"]
[WhiteFideId "2804182"]
[BlackFideId "2800071"]
[EventDate "2018.01.05"]

1. d4 d5 2. c4 e6 3. Nc3 Be7 4. Nf3 Nf6 5. Bf4 O-O 6. e3 b6 7. Bd3 c5 8. cxd5
Nxd5 9. Nxd5 exd5 10. Ne5 Be6 11. Qh5 f5 12. g4 c4 13. gxf5 Bf7 14. Nxf7 Rxf7
15. Bc2 Nd7 16. O-O Bd6 17. Bg5 Nf6 18. Qf3 Bc7 19. Kh1 Qd7 20. Rg1 Ne4 21. Bxe4
dxe4 22. Qxe4 Re8 23. Qf3 Qxf5 24. Qxf5 Rxf5 25. Rg2 Kf7 26. Rc1 b5 27. Bh4 Re6
28. Kg1 Ra6 29. a3 Bd6 30. Kf1 b4 31. axb4 Rc6 32. f4 Rb5 33. Rgc2 Rxb4 34. Be1
Rb3 35. Ke2 Rc7 36. Kf3 Re7 37. Bc3 Rb5 38. e4 Bb4 39. Bxb4 Rxb4 40. e5 Rc7 41.
d5 Rc5 42. Rd1 Rb8 43. Ke4 a5 44. d6 a4 45. Rd5 Rcc8 46. Ra5 Rb4 47. Ra7+ Kg6
48. Kd5 Kf5 49. Rf7+ Kg4 50. d7 1-0

[Event "TCh-ISR 2018"]
[Site "Israel ISR"]
[Date "2018.02.23"]
[Round "9.3"]
[Board "4"]
[White "Givon, Asaf"]
[Black "Caspi, Israel"]
[Result "1/2-1/2"]
[WhiteTitle "IM"]
[BlackTitle "IM"]
[WhiteElo "2470"]
[BlackElo "2461"]
[WhiteTeam "HaPoel Kfar Saba"]
[BlackTeam "Herzliya Chess Club"]
[WhiteFideId "2801841"]
[BlackFideId "2807394"]
[EventDate "2018.01.05"]

1. e4 d5 2. exd5 Qxd5 3. Nc3 Qd6 4. d4 Nf6 5. Nf3 a6 6. g3 Bg4 7. Bg2 Nc6 8. O-O
O-O-O 9. d5 Ne5 10. Bf4 Nxf3+ 11. Bxf3 Bxf3 12. Qxf3 e5 13. dxe6 Qxe6 14. Bg5
Bd6 15. Rfe1 Be5 16. Na4 Rd5 17. Nc3 Rdd8 18. Na4 Rd5 19. Nc3 1/2-1/2

[Event "TCh-ISR 2018"]
[Site "Israel ISR"]
[Date "2018.02.23"]
[Round "9.3"]
[Board "5"]
[White "Haimovich, Tal"]
[Black "Finkel, Alexander"]
[Result "1-0"]
[WhiteTitle "IM"]
[BlackTitle "GM"]
[WhiteElo "2401"]
[BlackElo "2489"]
[WhiteTeam "Herzliya Chess Club"]
[BlackTeam "HaPoel Kfar Saba"]
[WhiteFideId "2801698"]
[BlackFideId "2801957"]
[EventDate "2018.01.05"]

1. e4 g6 2. d4 Bg7 3. Nc3 c6 4. Nge2 d5 5. Be3 dxe4 6. Nxe4 Nd7 7. N2c3 Ngf6 8.
Qd2 O-O 9. Bh6 Qa5 10. Bxg7 Kxg7 11. Be2 Rd8 12. Qg5 Qb6 13. O-O-O Nxe4 14. Nxe4
Nf6 15. Nxf6 exf6 16. Qc5 Qc7 17. Bf3 Be6 18. g3 Rac8 19. Rhe1 b6 20. Qc3 a5 21.
a3 Rd6 22. Be4 Qd7 23. Rd3 Bd5 24. Bxd5 Rxd5 25. f4 c5 26. dxc5 Rcxc5 27. Red1
Rxc3 28. Rxd5 Qe7 29. bxc3 Qxa3+ 30. Kd2 Qb2 31. Re1 a4 32. Rd4 Qa2 33. f5 gxf5
34. Kd3 b5 35. Kd2 Kg6 36. Re8 h6 37. h4 a3 38. h5+ Kxh5 39. Rg8 f4 40. Rxf4
Qd5+ 41. Ke3 Qc5+ 42. Ke2 1-0

[Event "TCh-ISR 2018"]
[Site "Israel ISR"]
[Date "2018.02.23"]
[Round "9.3"]
[Board "6"]
[White "Rozentalis, Eduardas"]
[Black "Lev, Ronen"]
[Result "0-1"]
[WhiteTitle "GM"]
[BlackTitle "GM"]
[WhiteElo "2527"]
[BlackElo "2350"]
[WhiteTeam "HaPoel Kfar Saba"]
[BlackTeam "Herzliya Chess Club"]
[WhiteFideId "12800023"]
[BlackFideId "2800063"]
[EventDate "2018.01.05"]

1. e4 e5 2. Nc3 Nc6 3. g3 Bc5 4. Nf3 a6 5. Bg2 d6 6. d3 Nge7 7. O-O O-O 8. Nh4
f5 9. exf5 Nxf5 10. Nxf5 Bxf5 11. Be3 Bxe3 12. fxe3 Qd7 13. Bd5+ Kh8 14. Qf3 Qe8
15. Rf2 Bh3 16. Qxf8+ Qxf8 17. Rxf8+ Rxf8 18. Bxc6 bxc6 19. Ne4 c5 20. a3 a5 21.
a4 Kg8 22. b3 h6 23. Nd2 Be6 24. Rb1 Kf7 25. Nc4 Ra8 26. e4 Ke7 27. Kg2 Ra7 28.
Ne3 Ra8 29. Rf1 0-1

[Event "TCh-ISR 2018"]
[Site "Israel ISR"]
[Date "2018.02.23"]
[Round "9.4"]
[Board "1"]
[White "Iakymov, Volodymyr"]
[Black "Zubov, Alexander"]
[Result "1/2-1/2"]
[WhiteTitle "IM"]
[BlackTitle "GM"]
[WhiteElo "2442"]
[BlackElo "2624"]
[WhiteTeam "Haifa Chess Club-Nesher"]
[BlackTeam "Elizur Dov Petah Tikva"]
[WhiteFideId "14110164"]
[BlackFideId "14109409"]
[EventDate "2018.01.05"]

1. e4 Nc6 2. d4 e5 3. Nf3 exd4 4. Nxd4 Bc5 5. Be3 Bb6 6. Nc3 Nf6 7. Nxc6 bxc6 8.
Bxb6 axb6 9. Bd3 O-O 10. O-O Re8 11. Re1 d5 12. exd5 cxd5 13. Rxe8+ Qxe8 14. Qe2
Qd7 15. Qe5 Bb7 16. Nb5 c5 17. Nd6 Rd8 18. Nxb7 Qxb7 19. Bb5 Qb8 20. Qxb8 Rxb8
21. f3 Ne8 22. Bxe8 1/2-1/2

[Event "TCh-ISR 2018"]
[Site "Israel ISR"]
[Date "2018.02.23"]
[Round "9.4"]
[Board "2"]
[White "Oratovsky, Michael"]
[Black "Gurbanov, Andrei"]
[Result "1-0"]
[WhiteTitle "GM"]
[BlackTitle "IM"]
[WhiteElo "2445"]
[BlackElo "2339"]
[WhiteTeam "Elizur Dov Petah Tikva"]
[BlackTeam "Haifa Chess Club-Nesher"]
[WhiteFideId "2802090"]
[BlackFideId "13503391"]
[EventDate "2018.01.05"]

1. e4 e5 2. Nf3 Nc6 3. Bc4 Bc5 4. c3 Nf6 5. d3 d6 6. Nbd2 a6 7. Bb3 Ba7 8. Nf1
Ne7 9. Ng3 h6 10. O-O O-O 11. h3 c5 12. Nh4 d5 13. Qf3 dxe4 14. dxe4 Qb6 15. Nh5
Nxh5 16. Qxh5 Qc6 17. Nf3 Qxe4 18. Re1 Qg6 19. Qxg6 Nxg6 20. Nxe5 Bf5 21. Nxg6
Bxg6 22. Bd5 Rae8 23. Bf4 b5 24. Bb7 a5 25. Bc6 Rxe1+ 26. Rxe1 b4 27. Bc7 bxc3
28. bxc3 f6 29. Bd5+ Kh7 30. Bxa5 Rb8 31. Bb3 Rb7 32. c4 Rd7 33. Rd1 Re7 34. Re1
Rd7 35. Rd1 Re7 36. Kf1 Re4 37. Rd8 Re7 38. f3 Rb7 39. Bd2 Bb6 40. Rd6 Bc7 41.
Rd7 Bf5 42. Rd5 Bb1 43. Be3 Bg3 44. Rd1 Re7 45. Bf2 Bxf2 46. Kxf2 Bg6 47. Rd5
Rc7 48. Ke3 h5 49. h4 Kh6 50. Kd2 Bf7 51. Rd6 Re7 52. Rc6 Rd7+ 53. Kc3 Rd4 54.
a4 Rxh4 55. Rxc5 Rh2 56. a5 Rxg2 57. a6 Re2 58. Rc7 Bg6 59. a7 Re8 60. Ba4 1-0

[Event "TCh-ISR 2018"]
[Site "Israel ISR"]
[Date "2018.02.23"]
[Round "9.4"]
[Board "3"]
[White "Zhizmer, Yuri"]
[Black "Bykhovsky, Avigdor"]
[Result "0-1"]
[WhiteTitle "IM"]
[BlackTitle "GM"]
[WhiteElo "2314"]
[BlackElo "2423"]
[WhiteTeam "Haifa Chess Club-Nesher"]
[BlackTeam "Elizur Dov Petah Tikva"]
[WhiteFideId "14108852"]
[BlackFideId "4101057"]
[EventDate "2018.01.05"]

1. d4 Nf6 2. Nf3 d6 3. h3 Nbd7 4. Bf4 c5 5. c3 b6 6. e3 Bb7 7. Be2 g6 8. O-O Bg7
9. Nbd2 O-O 10. a4 a6 11. Bh2 Qc7 12. Bd3 e5 13. dxe5 dxe5 14. Qe2 Qc6 15. e4
Rfe8 16. Rfe1 h6 17. Nc4 Nh5 18. Ne3 Nf4 19. Bxf4 exf4 20. Nd5 Nf6 21. c4 g5 22.
Qc2 Rab8 23. Rad1 Nd7 24. e5 Nxe5 25. Nxe5 Bxe5 26. Be4 Qd6 27. Nxf4 Bxe4 28.
Rxe4 Bd4 29. Nd5 b5 30. axb5 axb5 31. b3 bxc4 32. bxc4 Rxe4 33. Qxe4 Rb2 34. Rf1
Qe6 35. Qf3 Qe2 36. Qf5 Kg7 37. Nc7 Rd2 38. g4 Qxc4 39. Qc8 Qb3 40. Ne8+ Kh7 41.
Qf5+ Kg8 42. Kg2 Qb7+ 43. Qf3 Qxf3+ 44. Kxf3 Be5 45. Ke4 f6 46. h4 Rd4+ 0-1

[Event "TCh-ISR 2018"]
[Site "Israel ISR"]
[Date "2018.02.23"]
[Round "9.4"]
[Board "4"]
[White "Deutsch, Eyal"]
[Black "Kaplivatski, Alexander"]
[Result "1/2-1/2"]
[WhiteTitle "IM"]
[BlackTitle "FM"]
[WhiteElo "2350"]
[BlackElo "2217"]
[WhiteTeam "Elizur Dov Petah Tikva"]
[BlackTeam "Haifa Chess Club-Nesher"]
[WhiteFideId "2803917"]
[BlackFideId "2801094"]
[EventDate "2018.01.05"]

1. Nf3 Nf6 2. b3 d6 3. d4 Bf5 4. Bb2 Nbd7 5. g3 c6 6. Bg2 e6 7. Nh4 Be4 8. f3
Bg6 9. e4 Be7 10. Nxg6 hxg6 11. Nd2 Qc7 12. Qe2 O-O-O 13. c4 e5 14. d5 Qb6 15.
Bc3 Kb8 16. a4 Rc8 17. a5 Qc7 18. a6 b6 19. dxc6 Qxc6 20. Bb4 Nc5 21. Ra3 1/2-1/2

[Event "TCh-ISR 2018"]
[Site "Israel ISR"]
[Date "2018.02.23"]
[Round "9.4"]
[Board "5"]
[White "Frenkel, Ran"]
[Black "Mesropov, Konstantin"]
[Result "1/2-1/2"]
[BlackTitle "IM"]
[WhiteElo "2189"]
[BlackElo "2427"]
[WhiteTeam "Haifa Chess Club-Nesher"]
[BlackTeam "Elizur Dov Petah Tikva"]
[WhiteFideId "2815974"]
[BlackFideId "4116887"]
[EventDate "2018.01.05"]

1. d4 e6 2. c4 b6 3. a3 Bb7 4. Nc3 Nf6 5. d5 exd5 6. cxd5 Bd6 7. Bg5 h6 8. Bh4
O-O 9. Nf3 Re8 10. e3 c6 11. Bc4 Na6 12. O-O Nc7 13. Qd4 cxd5 14. Bxf6 Qxf6 15.
Qxf6 gxf6 16. Ba2 Be5 17. Rac1 d4 18. Nxd4 Bxd4 19. exd4 Ne6 20. Bd5 Bc6 21.
Bxc6 dxc6 22. Ne4 Nxd4 23. Nxf6+ Kf8 24. Nxe8 Ne2+ 25. Kh1 Nxc1 26. Rxc1 Rxe8
27. g3 1/2-1/2

[Event "TCh-ISR 2018"]
[Site "Israel ISR"]
[Date "2018.02.23"]
[Round "9.4"]
[Board "6"]
[White "Grinshpun, Eduard"]
[Black "Shohat, Yotam"]
[Result "1/2-1/2"]
[WhiteTitle "IM"]
[WhiteElo "2360"]
[BlackElo "2204"]
[WhiteTeam "Elizur Dov Petah Tikva"]
[BlackTeam "Haifa Chess Club-Nesher"]
[WhiteFideId "4167554"]
[BlackFideId "2813955"]
[EventDate "2018.01.05"]

1. Nf3 Nf6 2. c4 c5 3. Nc3 Nc6 4. d4 cxd4 5. Nxd4 g6 6. e4 d6 7. Be2 Nxd4 8.
Qxd4 Bg7 9. Bg5 O-O 10. Qd2 a5 11. O-O a4 12. Rac1 1/2-1/2

[Event "TCh-ISR 2018"]
[Site "Israel ISR"]
[Date "2018.02.23"]
[Round "9.5"]
[Board "1"]
[White "Moskovich, Daniel"]
[Black "Alterman, Boris"]
[Result "0-1"]
[BlackTitle "GM"]
[WhiteElo "2147"]
[BlackElo "2603"]
[WhiteTeam "Jerusalem Tenth"]
[BlackTeam "Rishon Letzion Feldklein"]
[WhiteFideId "2804646"]
[BlackFideId "2801906"]
[EventDate "2018.01.05"]

1. d4 Nf6 2. Nf3 c5 3. e3 g6 4. dxc5 Qa5+ 5. Bd2 Qxc5 6. c4 Bg7 7. Nc3 d6 8. Be2
O-O 9. O-O Nbd7 10. Rc1 Qc7 11. Nd4 a6 12. b3 e6 13. Nc2 b6 14. e4 Bb7 15. Bd3
Nc5 16. Qe2 Nfd7 17. f3 f5 18. Ne3 Nxd3 19. Qxd3 Nc5 20. Qc2 fxe4 21. fxe4 Bxc3
22. Bxc3 Nxe4 23. Ng4 Qc5+ 24. Kh1 Qg5 25. Qe2 Nxc3 26. Qxe6+ Kh8 27. Rce1 Ne4
28. Qd7 Nc5 29. Qxd6 Bxg2+ 30. Kxg2 Qxg4+ 31. Kh1 Rxf1+ 32. Rxf1 Qe4+ 33. Kg1
Qe3+ 34. Kh1 Ne6 35. Qe7 Qe4+ 36. Kg1 Qd4+ 37. Kh1 Nf4 38. Qb7 Re8 0-1

[Event "TCh-ISR 2018"]
[Site "Israel ISR"]
[Date "2018.02.23"]
[Round "9.5"]
[Board "2"]
[White "Kobo, Ori"]
[Black "Slonimskij, Arkadij"]
[Result "1-0"]
[WhiteTitle "GM"]
[WhiteElo "2477"]
[BlackElo "2128"]
[WhiteTeam "Rishon Letzion Feldklein"]
[BlackTeam "Jerusalem Tenth"]
[WhiteFideId "2812320"]
[BlackFideId "4113420"]
[EventDate "2018.01.05"]

1. Nf3 d5 2. g3 c5 3. Bg2 Nc6 4. d4 e6 5. O-O Nf6 6. c4 cxd4 7. Nxd4 Qb6 8. Nxc6
bxc6 9. Qc2 Ba6 10. b3 Be7 11. Nc3 O-O 12. Na4 Qd8 13. Rd1 Rc8 14. Bb2 Nd7 15.
Rac1 Nb6 16. Nc3 Qc7 17. cxd5 cxd5 18. Qb1 Qb8 19. e4 dxe4 20. Nxe4 Rxc1 21.
Qxc1 Rc8 22. Qa1 Bf8 23. Be5 Rc7 24. Bxc7 Qxc7 25. Qc3 Qxc3 26. Nxc3 f6 27. Bf1
Bb7 28. Nb5 a5 29. Bg2 Bxg2 30. Kxg2 Nd5 31. Rc1 Kf7 32. Rc8 Nb4 33. a3 Nd3 34.
Ra8 Bc5 35. Rxa5 Bxf2 36. a4 e5 37. Ra8 Bc5 38. a5 e4 39. Nc3 e3 40. a6 Kg6 41.
Rc8 Bd4 42. Ne2 1-0

[Event "TCh-ISR 2018"]
[Site "Israel ISR"]
[Date "2018.02.23"]
[Round "9.5"]
[Board "3"]
[White "Cohen Revivo, Shoham"]
[Black "Baron, Tal"]
[Result "1-0"]
[BlackTitle "GM"]
[WhiteElo "2180"]
[BlackElo "2548"]
[WhiteTeam "Jerusalem Tenth"]
[BlackTeam "Rishon Letzion Feldklein"]
[WhiteFideId "2813327"]
[BlackFideId "2809958"]
[EventDate "2018.01.05"]

1. e4 e6 2. d4 d5 3. e5 c5 4. c3 Nc6 5. Nf3 Qb6 6. Be2 cxd4 7. cxd4 Nge7 8. Na3
Nf5 9. Nc2 Bb4+ 10. Kf1 Be7 11. h4 h5 12. g3 Bd7 13. Kg2 a5 14. Bd3 Nh6 15. Bxh6
Rxh6 16. Qd2 O-O-O 17. a4 Rhh8 18. Bb5 Na7 19. b4 axb4 20. Nxb4 Nxb5 21. axb5
Bxb5 22. Rab1 Qc7 23. Rhc1 Bc4 24. Qc3 Kd7 25. Nd2 b5 26. Nxc4 bxc4 27. Na6 Qc6
28. Qa5 Ra8 29. Rb6 Bd8 30. Rcb1 Bc7 31. Nc5+ Ke7 32. Rxc6 Bxa5 33. Rb7+ Kf8 34.
Rd6 Rh6 35. Rdd7 Kg8 36. Rxf7 Rg6 37. Nxe6 c3 38. Nf4 Rg4 39. f3 Rxf4 40. Rxg7+
Kf8 41. gxf4 c2 42. Rgf7+ Kg8 43. Rfc7 Bxc7 44. Rxc7 Ra4 45. Rxc2 Rxd4 46. Kg3
Rd1 47. f5 d4 48. e6 Re1 49. Rd2 Kg7 50. Rxd4 Kf6 51. Re4 Rg1+ 52. Kf4 Rh1 53.
Ke3 Ke7 54. Kf2 1-0

[Event "TCh-ISR 2018"]
[Site "Israel ISR"]
[Date "2018.02.23"]
[Round "9.5"]
[Board "4"]
[White "Liss, Eran"]
[Black "Hochman, Elnatan"]
[Result "1-0"]
[WhiteTitle "GM"]
[WhiteElo "2437"]
[BlackElo "2075"]
[WhiteTeam "Rishon Letzion Feldklein"]
[BlackTeam "Jerusalem Tenth"]
[WhiteFideId "2800721"]
[BlackFideId "2813130"]
[EventDate "2018.01.05"]

1. e4 c5 2. Nf3 Nc6 3. d4 cxd4 4. Nxd4 e5 5. Nb5 d6 6. c4 Be7 7. N1c3 a6 8. Na3
Be6 9. Bd3 Bg5 10. O-O Bxc1 11. Rxc1 Nf6 12. Qd2 O-O 13. b3 Nh5 14. Ne2 Ne7 15.
f3 Ng6 16. Rf2 Kh8 17. Kh1 Qb6 18. Nc3 Nhf4 19. Bf1 Rac8 20. Nc2 f5 21. g3 Nh5
22. Bh3 Ne7 23. Rcf1 Nf6 24. Ne3 g6 25. Bg2 Qc5 26. a4 Nc6 27. f4 Nd4 28. fxe5
dxe5 29. exf5 gxf5 30. Bxb7 Rcd8 31. Qe1 Nxb3 32. Bd5 Bxd5+ 33. cxd5 Ne4 34.
Nxe4 fxe4 35. Nf5 Rxd5 36. Qxe4 Nd2 37. Qg4 Rg8 38. Qh4 Qc6 39. Ne7 Qb7 40. Qf6+ 1-0

[Event "TCh-ISR 2018"]
[Site "Israel ISR"]
[Date "2018.02.23"]
[Round "9.5"]
[Board "5"]
[White "Lukin, Elisha"]
[Black "Zanan, Evgeny"]
[Result "0-1"]
[BlackTitle "IM"]
[WhiteElo "2133"]
[BlackElo "2482"]
[WhiteTeam "Jerusalem Tenth"]
[BlackTeam "Rishon Letzion Feldklein"]
[WhiteFideId "2813262"]
[BlackFideId "24101940"]
[EventDate "2018.01.05"]

1. d4 Nf6 2. c4 e6 3. Nc3 Bb4 4. Nf3 b6 5. e3 Bb7 6. Bd3 O-O 7. Bd2 d5 8. cxd5
exd5 9. O-O a6 10. Ne2 Bd6 11. b4 Nbd7 12. a4 Ne4 13. b5 Nxd2 14. Nxd2 axb5 15.
axb5 Qe7 16. Qb3 g6 17. Nc3 Nf6 18. Be2 Qe6 19. Bf3 Qf5 20. Rfc1 h5 21. Qb2 Rxa1
22. Rxa1 Rb8 23. Na2 Ra8 24. Nc4 dxc4 25. Bxb7 Ra3 26. Bc6 Qd3 27. Rc1 Ng4 28.
g3 Nxe3 29. fxe3 Qxe3+ 30. Kh1 Rxa2 31. Qxa2 Qxc1+ 32. Kg2 h4 33. gxh4 Qf4 34.
Qf2 Qg4+ 35. Kh1 c3 36. Bd5 Bf4 37. h5 Qd1+ 38. Kg2 Qg4+ 39. Kh1 gxh5 40. Bb3
Kf8 41. d5 Qf5 42. Kg2 Qg5+ 43. Kf1 Bd6 44. Qd4 Qc1+ 0-1

[Event "TCh-ISR 2018"]
[Site "Israel ISR"]
[Date "2018.02.23"]
[Round "9.5"]
[Board "6"]
[White "Bronstein, Or"]
[Black "Berenboym, Igor"]
[Result "1-0"]
[WhiteTitle "FM"]
[WhiteElo "2337"]
[BlackElo "2125"]
[WhiteTeam "Rishon Letzion Feldklein"]
[BlackTeam "Jerusalem Tenth"]
[WhiteFideId "2815770"]
[BlackFideId "2810123"]
[EventDate "2018.01.05"]

1. d4 Nf6 2. c4 e6 3. g3 d5 4. Bg2 Nbd7 5. Nf3 Bb4+ 6. Bd2 Bxd2+ 7. Nbxd2 dxc4
8. Nxc4 O-O 9. O-O c5 10. Rc1 cxd4 11. Qxd4 Nb6 12. Rfd1 Qxd4 13. Rxd4 Nxc4 14.
Rdxc4 Rb8 15. Ne5 Nd5 16. Rd4 f6 17. Nc4 b5 18. Na5 Rb6 19. e4 Ne7 20. Rc7 e5
21. Rd2 Kf7 22. Rxa7 Be6 23. Nb7 Rc6 24. f4 Rc1+ 25. Kf2 Nc6 26. Nd8+ Kg8 27.
Rc7 Nxd8 28. Rxc1 Bxa2 29. f5 Bf7 30. Bf1 b4 31. Ba6 Bb3 32. Bc4+ Bxc4 33. Rxc4 1-0

[Event "TCh-ISR 2018"]
[Site "Israel ISR"]
[Date "2018.02.23"]
[Round "9.6"]
[Board "1"]
[White "Moiseenko, Alexander"]
[Black "Shachar, Ehud"]
[Result "1-0"]
[WhiteTitle "GM"]
[BlackTitle "IM"]
[WhiteElo "2660"]
[BlackElo "2401"]
[WhiteTeam "Ashdod Elite Club"]
[BlackTeam "HaPoel Kfar Saba Bet"]
[WhiteFideId "14102560"]
[BlackFideId "2802198"]
[EventDate "2018.01.05"]

1. d4 e6 2. c4 f5 3. Nc3 Nf6 4. Qc2 Bb4 5. e3 b6 6. Bd3 Bb7 7. f3 Nh5 8. Ne2
Qh4+ 9. g3 Qe7 10. O-O a5 11. e4 Bxc3 12. bxc3 g6 13. Bh6 Nc6 14. Qd2 Qf7 15.
Rab1 Ba6 16. g4 Ng7 17. exf5 gxf5 18. Ng3 Ne7 19. c5 Bxd3 20. Qxd3 Rb8 21. c4
Qg6 22. Bf4 Rb7 23. cxb6 cxb6 24. c5 O-O 25. Bd6 Nd5 26. Bxf8 Kxf8 27. cxb6 Rxb6
28. Rxb6 Nxb6 29. Qb5 1-0

[Event "TCh-ISR 2018"]
[Site "Israel ISR"]
[Date "2018.02.23"]
[Round "9.6"]
[Board "2"]
[White "Zilberman, Yaacov"]
[Black "Sutovsky, Emil"]
[Result "0-1"]
[WhiteTitle "GM"]
[BlackTitle "GM"]
[WhiteElo "2367"]
[BlackElo "2673"]
[WhiteTeam "HaPoel Kfar Saba Bet"]
[BlackTeam "Ashdod Elite Club"]
[WhiteFideId "2801612"]
[BlackFideId "2802007"]
[EventDate "2018.01.05"]

1. Nf3 g6 2. d4 Nf6 3. c4 Bg7 4. Nc3 d5 5. e3 O-O 6. Bd2 e6 7. Rc1 Ne4 8. Bd3
Nxd2 9. Qxd2 dxc4 10. Bxc4 b6 11. O-O Bb7 12. Rfd1 Bxf3 13. gxf3 Nd7 14. Be2
Qg5+ 15. Kh1 Qh4 16. Bb5 Rad8 17. Qe2 c5 18. d5 Ne5 19. Kg2 Qg5+ 20. Kh1 Qh4 21.
Kg2 g5 22. h3 Rd6 23. Rd2 Ng6 24. dxe6 Rxe6 25. Qc4 Bd4 26. Ne2 Qh5 27. Rxd4
cxd4 28. Nxd4 Nh4+ 29. Kg3 Rd8 30. Bd7 Rf6 31. Bg4 Qh6 32. Qc7 Qf8 33. a3 Re8
34. b4 a5 35. bxa5 bxa5 36. Rc5 h6 37. Rxa5 Rb8 38. Rc5 Rb1 39. Qe5 Qd6 40. Rc8+
Kh7 41. Qxd6 Rxd6 42. Kh2 Rf1 43. Rc2 Kg6 44. Bc8 Rb6 45. f4 Rbb1 46. fxg5 hxg5 0-1

[Event "TCh-ISR 2018"]
[Site "Israel ISR"]
[Date "2018.02.23"]
[Round "9.6"]
[Board "3"]
[White "Smirin, Ilia"]
[Black "Aharon, Ofir"]
[Result "1-0"]
[WhiteTitle "GM"]
[BlackTitle "FM"]
[WhiteElo "2613"]
[BlackElo "2288"]
[WhiteTeam "Ashdod Elite Club"]
[BlackTeam "HaPoel Kfar Saba Bet"]
[WhiteFideId "2801990"]
[BlackFideId "2800683"]
[EventDate "2018.01.05"]

1. e4 c5 2. Nf3 d6 3. d4 cxd4 4. Nxd4 Nf6 5. Nc3 a6 6. Be2 e5 7. Nb3 Be7 8. Be3
O-O 9. g4 Be6 10. g5 Nfd7 11. h4 Nb6 12. Qd2 N8d7 13. f4 exf4 14. Bxf4 Ne5 15.
O-O-O Rc8 16. Kb1 Nbc4 17. Bxc4 Rxc4 18. Nd4 Rb4 19. b3 Nc4 20. Qe1 Na3+ 21. Kb2
Qa5 22. Nd5 Bxd5 23. exd5 Rc8 24. c3 Rb6 25. h5 Nb5 26. Nxb5 axb5 27. b4 Qa8 28.
Rh2 Ra6 29. Kb1 Re8 30. Re2 Kf8 31. Rd4 Qc8 32. Kb2 Qf5 33. a3 Raa8 34. Rde4 Qd7
35. h6 g6 36. Qd2 f6 37. Re6 Kf7 38. Qd4 Bf8 39. Bxd6 Bxd6 40. Qxf6+ Kg8 41.
Rxe8+ 1-0

[Event "TCh-ISR 2018"]
[Site "Israel ISR"]
[Date "2018.02.23"]
[Round "9.6"]
[Board "4"]
[White "Erenberg, Ariel"]
[Black "Golod, Vitali"]
[Result "1/2-1/2"]
[WhiteTitle "IM"]
[BlackTitle "GM"]
[WhiteElo "2382"]
[BlackElo "2539"]
[WhiteTeam "HaPoel Kfar Saba Bet"]
[BlackTeam "Ashdod Elite Club"]
[WhiteFideId "2811634"]
[BlackFideId "2804140"]
[EventDate "2018.01.05"]

1. d4 Nf6 2. c4 e6 3. Nf3 d5 4. Nc3 c6 5. Bg5 h6 6. Bxf6 Qxf6 7. e3 g6 8. Be2
Bg7 9. O-O O-O 10. Ne5 Qe7 11. f4 Nd7 12. Qb3 dxc4 13. Nxc4 Rd8 14. Bf3 Nf6 1/2-1/2

[Event "TCh-ISR 2018"]
[Site "Israel ISR"]
[Date "2018.02.23"]
[Round "9.6"]
[Board "5"]
[White "Kogan, Arthur"]
[Black "Kaplan, Sasha"]
[Result "1-0"]
[WhiteTitle "GM"]
[BlackTitle "IM"]
[WhiteElo "2544"]
[BlackElo "2396"]
[WhiteTeam "Ashdod Elite Club"]
[BlackTeam "HaPoel Kfar Saba Bet"]
[WhiteFideId "2800802"]
[BlackFideId "2806487"]
[EventDate "2018.01.05"]

1. d4 d5 2. c4 c6 3. Nc3 Nf6 4. e3 e6 5. b3 b6 6. Bd3 Bb7 7. Nge2 Nbd7 8. O-O
Be7 9. Bb2 O-O 10. Qc2 Qc7 11. Ng3 Rfd8 12. Rad1 Rac8 13. e4 dxe4 14. Ncxe4 h6
15. Rfe1 Nxe4 16. Bxe4 Nf6 17. Bf3 Rd7 18. c5 Rcd8 19. b4 a5 20. a3 Nd5 21. Qc4
Ra8 22. b5 cxb5 23. Qxb5 Ba6 24. Qa4 Rb8 25. Ba1 Rdd8 26. Ne4 Nf6 27. c6 Nxe4
28. Bxe4 b5 29. Qb3 a4 30. Qf3 b4 31. d5 Bc4 32. Qg4 Bf8 33. Be5 Qxe5 34. Bh7+
Kxh7 35. Rxe5 Rxd5 36. Rexd5 Bxd5 37. c7 1-0

[Event "TCh-ISR 2018"]
[Site "Israel ISR"]
[Date "2018.02.23"]
[Round "9.6"]
[Board "6"]
[White "Gelfer, Israel"]
[Black "Grinberg, Eyal"]
[Result "0-1"]
[WhiteTitle "FM"]
[BlackTitle "IM"]
[WhiteElo "2330"]
[BlackElo "2448"]
[WhiteTeam "HaPoel Kfar Saba Bet"]
[BlackTeam "Ashdod Elite Club"]
[WhiteFideId "2800438"]
[BlackFideId "2806070"]
[EventDate "2018.01.05"]

1. d4 Nf6 2. c4 e6 3. Nf3 b6 4. g3 Bb7 5. Bg2 g6 6. O-O Bg7 7. Nc3 Ne4 8. Bd2
O-O 9. Qc2 Nxd2 10. Qxd2 Re8 11. e4 d6 12. d5 Nd7 13. Nd4 Ne5 14. b3 c5 15. Nde2
exd5 16. exd5 Bc8 17. Kh1 Bf5 18. h3 h5 19. f4 Nd3 20. Nc1 Nb4 21. a3 Nc2 22.
Ra2 Ne3 23. Re1 Nxg2 24. Rxe8+ Qxe8 25. Kxg2 Qd7 26. h4 Bh3+ 0-1

[Event "TCh-ISR 2018"]
[Site "Israel ISR"]
[Date "2018.03.02"]
[Round "11.1"]
[Board "1"]
[White "Moiseenko, Alexander"]
[Black "Boruchovsky, Avital"]
[Result "1-0"]
[WhiteTitle "GM"]
[BlackTitle "GM"]
[WhiteElo "2660"]
[BlackElo "2542"]
[WhiteTeam "Ashdod Elite Club"]
[BlackTeam "HaPoel Kfar Saba"]
[WhiteFideId "14102560"]
[BlackFideId "2800055"]
[EventDate "2018.01.05"]

1. d4 Nf6 2. c4 e6 3. Nf3 d5 4. Nc3 c6 5. Qb3 dxc4 6. Qxc4 b5 7. Qd3 Bb7 8. e4
b4 9. Na4 Nbd7 10. Be3 Qa5 11. b3 Be7 12. Nd2 Qc7 13. Be2 O-O 14. Rc1 Rad8 15.
Qc2 e5 16. dxe5 Qxe5 17. f4 Qe6 18. O-O c5 19. Bf3 Ng4 20. Nc4 Bc6 21. Bd2 Ndf6
22. e5 Nh5 23. f5 Qd7 24. Bxc6 Qxc6 25. h3 Ng3 26. hxg4 Rd4 27. Be3 Rxg4 28. Rf4
h5 29. Rxg4 hxg4 30. f6 gxf6 31. Qf2 Ne4 32. Qf5 g3 33. Bh6 fxe5 34. Qg4+ Ng5
35. Bxf8 Kxf8 36. Qxg3 e4 37. Rf1 Qg6 38. Ne5 Qd6 39. Qf4 Qd4+ 40. Kh1 e3 41.
Qxd4 cxd4 42. Nb2 Bd6 43. Nbd3 Ne4 44. Rxf7+ Kg8 45. Rf4 Ng3+ 46. Kh2 Ne2 47.
Rg4+ Kf8 48. g3 1-0